ՀՀ Գիտությունների ազգային ակադեմիայի հիմնարար գիտական գրադարան  =   Fundamental Scientific Library of NAS RA

Петрография республики Армении / (Record no. 477530)

MARC details
000 -LEADER
fixed length control field 01020nam a2200229 a 4500
001 - CONTROL NUMBER
control field 000146087
003 - CONTROL NUMBER IDENTIFIER
control field AM-YeHGA
005 - DATE AND TIME OF LATEST TRANSACTION
control field 20250617161808.0
008 - FIXED-LENGTH DATA ELEMENTS--GENERAL INFORMATION
fixed length control field 030329s1934 ||||||||||||||||||||rus c
040 ## - CATALOGING SOURCE
Original cataloging agency AM-YeHGA
041 0# - LANGUAGE CODE
Language code of text/sound track or separate title rus
090 ## - LOCALLY ASSIGNED LC-TYPE CALL NUMBER (OCLC); LOCAL CALL NUMBER (RLIN)
-- 480828
100 1# - MAIN ENTRY--PERSONAL NAME
Personal name Гинзберг, А.С.
245 10 - TITLE STATEMENT
Title Петрография республики Армении /
Statement of responsibility, etc. А.С. Гинзберг ; Ред. П.И. Лебедев ; Под общ. ред. Ф.Ю. Левинсон-Лессинга ; АН СССР. Петрографический ин-т.
260 ## - PUBLICATION, DISTRIBUTION, ETC.
Place of publication, distribution, etc. Ленинград :
Name of publisher, distributor, etc. Изд-во АН СССР,
Date of publication, distribution, etc. 1934.
300 ## - PHYSICAL DESCRIPTION
Extent 128 с.
440 #0 - SERIES STATEMENT/ADDED ENTRY--TITLE
Title Петрография СССР
Number of part/section of a work Серия 1
Name of part/section of a work Региональная петрография
Volume/sequential designation Вып. 2
650 14 - SUBJECT ADDED ENTRY--TOPICAL TERM
Topical term or geographic name entry element Петрография
700 1# - ADDED ENTRY--PERSONAL NAME
Personal name Лебедев, П.И.
Relator term ред.
Relationship edt
700 1# - ADDED ENTRY--PERSONAL NAME
Personal name Левинсон-Лессинг, Франц Юл.
Relator term ред.
Relationship edt
710 2# - ADDED ENTRY--CORPORATE NAME
Corporate name or jurisdiction name as entry element Петрографический институт АН СССР
Holdings
Withdrawn status Lost status Damaged status Not for loan Collection Home library Current library Date acquired Total checkouts Full call number Barcode Date last seen Price effective from Koha item type Public note Source of classification or shelving scheme
        General Fundamental Scientific Library Fundamental Scientific Library 25/10/2018   РД III/10594 FL0519553 25/10/2018 25/10/2018 Գրքեր / Books 30 Days Loan  
        General Fundamental Scientific Library Fundamental Scientific Library 25/04/2019   РД III/13241 FL0576315 25/04/2019 25/04/2019 Գրքեր / Books 30 Days Loan Universal Decimal Classification


ՀՀ ԳԱԱ հիմնարար գիտական գրադարան
ՀՀ,Երևան 0019
Մարշալ Բաղրամյան 24/6
հեռախոս:(374-10) 52-47-50
Հետադարձ կապ

All site content, except where otherwise noted, is licensed under a
Creative Commons License